The union and its members a psychological approach /

Bibliographic Details
Main Author: Barling, Julian.
Corporate Author: ProQuest (Firm)
Other Authors: Fullagar, Clive., Kelloway, E. Kevin.
Format: Electronic eBook
Language:English
Published: New York, N.Y. : Oxford University Press, 1992.
Series:Industrial and organizational psychology series.
Subjects:
Online Access:Click to View
LEADER 01584nam a2200421Ia 4500
001 EBC273245
003 MiAaPQ
005 20200520144314.0
006 m o d |
007 cr cn|||||||||
008 910715s1992 nyu sb 001 0 eng d
010 |z  91025183  
020 |z 9780195073362 
020 |z 0195073363 
035 |a (MiAaPQ)EBC273245 
035 |a (Au-PeEL)EBL273245 
035 |a (CaPaEBR)ebr10278202 
035 |a (CaONFJC)MIL52604 
035 |a (OCoLC)466431767 
040 |a MiAaPQ  |c MiAaPQ  |d MiAaPQ 
050 4 |a HD6490.P78  |b B37 1992 
082 0 4 |a 158.7  |2 20 
100 1 |a Barling, Julian. 
245 1 4 |a The union and its members  |h [electronic resource] :  |b a psychological approach /  |c Julian Barling, Clive Fullagar, E. Kevin Kelloway. 
260 |a New York, N.Y. :  |b Oxford University Press,  |c 1992. 
300 |a viii, 251 p. 
490 1 |a Industrial and organizational psychology series 
504 |a Includes bibliographical references (p. 207-235) and indexes. 
533 |a Electronic reproduction. Ann Arbor, MI : ProQuest, 2015. Available via World Wide Web. Access may be limited to ProQuest affiliated libraries. 
650 0 |a Labor unions  |x Psychological aspects. 
650 0 |a Psychology, Industrial. 
650 0 |a Organizational behavior. 
655 4 |a Electronic books. 
700 1 |a Fullagar, Clive. 
700 1 |a Kelloway, E. Kevin. 
710 2 |a ProQuest (Firm) 
830 0 |a Industrial and organizational psychology series. 
856 4 0 |u https://ebookcentral.proquest.com/lib/matrademy/detail.action?docID=273245  |z Click to View